| 000 | 00568nam a22001697a 4500 | ||
|---|---|---|---|
| 999 |
_c60671 _d60671 |
||
| 005 | 20231005121345.0 | ||
| 008 | 231005s1979 enk||||| |||| 00| 0 eng d | ||
| 041 | _aeng | ||
| 080 | _a902 D-72 | ||
| 100 |
_aDontas, George _920004 |
||
| 245 |
_aThe Acropolis of Athens : _bAn Historical and Aesthetic Tour _cGeorge Dontas. |
||
| 264 |
_aAthens, _c1979. |
||
| 300 |
_a48 p.; _bill.: _c17 cm. |
||
| 653 | _aათენის აკროპოლისი | ||
| 653 | _aისტორიული და ესთეტიკური ტური | ||
| 942 |
_2udc _cBK |
||